000 01303 a2200229 4500
001 31958
005 20260407155621.0
008 260407a1966 arg spa d
003 AR-UNSa-BCEJYS
040 _aAR-UNSa-BCEJYS
_bspa
_cAR-UNSa-BCEJYS
080 _a658.012.4
_xGestión. Dirección. Autoridad. Técnicas y métodos de gestión (gestión del conocimiento, Outsourcing, Benchmarking...)
245 1 0 _aEl staff en la empresa
264 1 _aBilbao :
_bEdiciones Deusto
_c1966
300 _a218 p.
_c25 cm.
505 _a1. El exceso de trabajo sobre la alta dirección - 2. Consecuencias del exceso de trabajo en la salud del director - 3. Como emplean su tiempo los ejecutivos - 4. Métodos para aligerar la tarea del ejecutivo - 5. El uso militar del staff - 6. Comparación entre los staff militares y los de empresa - 7. La presidencia de los Estados Unidos y el sistema de staff - 8. El adjunto en la empresa. Un perfil mixto - 9. Un bello confusionismo de denominaciones - 10. Estudio de casos en que un adjunto ha fracasado - 11. El uso práctico de puestos de staff general en las empresas
942 _cBK
590 _aniveau_biblio:m niveau_hierar:0
100 1 _aDale, Ernest
700 1 _aUrwick, Lyndall F.
700 1 _aDe la LLosa, Pedro
700 1 _aOyarzábal, Maria Luisa
999 _c2226
_d2226